Les pays qui commencent par des voyelles - Statistiques

Statistiques générales
  • Ce quiz a été pris 1 292 fois
    1 231 depuis la dernière actualisation
  • Le résultat moyen est 28 sur 36
Statistiques - réponses
Hint Réponse % Correct
Y Yemen
93%
Uruguay
88%
Allemagne
87%
Espagne
87%
Irlande
86%
Italie
86%
Australie
84%
Albanie
83%
I Inde
83%
Islande
83%
Armenie
82%
Estonie
82%
Algerie
81%
Ouganda
80%
O Oman
78%
A Afghanistan
77%
Autriche
77%
Ethiopie
77%
Iran
77%
Ouzbekistan
77%
Argentine
76%
Indonesie
76%
Andorre
75%
Angola
75%
Etats Unis
75%
Irak
75%
Erythree
74%
E Egypte
71%
Afrique du Sud
70%
Azerbaidjan
69%
Equateur
67%
Israel
67%
U Ukraine
67%
Arabie Saoudite
63%
Emirats Arabes Unis
61%
Antigua
58%
Aucun quiz correspondant
Distribution des résultats
% des personnes avec chaque résultat
Percentile par nombre de réponses
Votre historique - résultats
Vous n’avez pas pris ce quiz depuis la dernière actualisation